Normal view
MARC view
- Murga Meler, María Luisa
Entry Nombre Personal
001 - NUMERO DE CONTROL
- campo de control: 33303
003 - IDENTIFICADOR DE NUMERO DE CONTROL
- campo de control: UPN
005 - FECHA Y HORA DE LA ÜLTIMA TRANSACCIÓN
- campo de control: 20210219194441.0
008 - DATOS DE LONGITUD FIJA
- campo de control de longitud fija: nabaccnnaabn|||||||||| b |nc|||||d
035 ## - NUMERO DE CONTROL
- Número de control: UPN11000005410
040 ## - FUENTE DE CATALOGACIÓN
- Lenguaje de catalogación: SPA
- Agencia de transcripción: UPN
100 1# - ENCABEZAMIENTO - NOMBRE PERSONAL
- Nombre personal: Murga Meler, María Luisa
670 ## - FUENTE EN LA QUE SE LOCALIZARON DATOS
- Cita de la fuente: T
- Información localizada: Figuras de la catástrofe: la construcción discursiva de un acontecimiento ecológico
680 ## - NOTA PUBLICA DE ACCESO PÚBLICO
- Frase explicativa de la referencia: Mexicana. Profesora de tiempo completo. Doctora en Ciencias Sociales.
902 ## - CATALOGADOR
- Catalogador: EMR/110313
